<?xml version="1.0" encoding="UTF-8"?>
<collection xmlns="http://www.loc.gov/MARC21/slim">
 <record>
  <leader>00429pamaa2200121   4500</leader>
  <controlfield tag="001">0000030590</controlfield>
  <controlfield tag="005">20100302090000.0</controlfield>
  <datafield tag="090" ind1="0" ind2="0">
   <subfield code="a">QA76.76.A65 </subfield>
   <subfield code="b">MIC 2008</subfield>
  </datafield>
  <datafield tag="245" ind1="1" ind2="0">
   <subfield code="a">Microsoft Visual Studio express edition with SP1 [</subfield>
   <subfield code="m">DVD-ROM].</subfield>
  </datafield>
  <datafield tag="260" ind1="0" ind2="0">
   <subfield code="a">New York: </subfield>
   <subfield code="b">Microsoft Corporation, </subfield>
   <subfield code="c">2008.</subfield>
  </datafield>
  <datafield tag="300" ind1=" " ind2=" ">
   <subfield code="a">1 DVD-ROM; </subfield>
   <subfield code="c">4.5 inch.</subfield>
  </datafield>
  <datafield tag="500" ind1="0" ind2="0">
   <subfield code="a">To accompany textbooks titled &quot;C how to program by H.M.Deitel and P.J. Deitel&quot;</subfield>
  </datafield>
  <datafield tag="650" ind1="0" ind2="0">
   <subfield code="a">Microsoft Visual Studio </subfield>
  </datafield>
 </record>
</collection>
